000 00629nam a22002057a 4500
999 _c14403
_d14403
003 AR-CdUCM
008 190423b ||||| |||| 00| 0 spa d
020 _a978-607-404-856-8
040 _aMUNICIPALIDAD PROVINCIAL DEL CUSCO
_cBIBLIOTECA MUNICIPAL DEL CUSCO
041 _heng
082 _aPI / 800.7 /
_bS93
245 _a¿Qué acecha en el artico? /
260 _aMéxico :
_bThe clever factory,
_c2013.
300 _a6 páginas ;
_bIlustraciones,
_c17 cm.
650 _aÁrtico
_933159
650 _aAnimales del ártico
_933160
650 _aPrimera infancia
_924660
942 _2ddc
_cLIBROS
945 _adavv
_d23/04/2019